00355nam a2200145 a 450000100060000000300090000600800410001504000280005608200160008410000230010024500310012326000290015430000070018365000190019013628CO-ViMGA141112s2004 ck r 000 u spa d aCO-ViMGAbspacCO-ViMGA04aPe861 D466c1 aDi Paola, Rossella10aContinuidad de los cuadros aLima : bAntares, c1988 a6514aPOESIA PERUANA